000 00624nam a2200241Ia 4500
003 OSt
005 20220918202325.0
006 a|||||r|||| 00| 0
007 ta
008 220917b |||||||| |||| 00| 0 eng d
024 _a100,383
037 _cTextual
040 _aARTS
_cARTS
_beng
041 _2eng
_aeng
082 _aV2:91:N7, K7
100 _aVerma S P
_981866
245 0 _aElections and political consciousness in India
_b study
260 _c1967
650 _aHISTORY
700 _a Bhambhri C P
942 _hV2:91:N7, K7
_cTEXL
_2CC
999 _c223912
_d223912